Welcome to the Holygrace Academy Library

Please use search bar below to get started

TRANSIENT PENDULUM:Transforming time in to Triumph (Record no. 9078)

MARC details
000 -LEADER
fixed length control field 00406nam a22001337a 4500
082 ## - DEWEY DECIMAL CLASSIFICATION NUMBER
Classification number 154
Item number DEV/T
100 ## - MAIN ENTRY--AUTHOR NAME
Personal name DEVASSIA, MANU
245 ## - TITLE STATEMENT
Title TRANSIENT PENDULUM:Transforming time in to Triumph
246 ## - VARYING FORM OF TITLE
Title proper/short title TRANSIENT PENDULUM:Transforming time in to Triumph
Remainder of title TRANSIENT PENDULUM:Transforming time in to Triumph
260 ## - PUBLICATION, DISTRIBUTION, ETC. (IMPRINT)
Place of publication JAIPUR
Name of publisher PAPER TOWN
Year of publication 2023
300 ## - PHYSICAL DESCRIPTION
Number of Pages 97
650 ## - SUBJECT ADDED ENTRY--TOPICAL TERM
Topical Term INSPIRATIONAL
942 ## - ADDED ENTRY ELEMENTS (KOHA)
Koha item type Books
Holdings
Withdrawn status Lost status Collection code Home library Current library Shelving location Date acquired Source of acquisition Cost, normal purchase price Full call number Accession Number Koha item type
    Non-fiction Main Library Main Library SHELF-17H-PERSONALITY DEVELOPMENT BOOKS 09/05/2025 PURCHASED 200.00 154 DEV/T 13802 Books